000 00621cam a22002171 4500
001 3588828
003 OSt
005 20230717104234.0
008 740328s1966 ii 000 0 eng
010 _asa 67001070
025 _aPL480:I-E-7306
040 _aDLC
_cDLC
_dDLC
082 0 0 _a370.1
_bCHA
100 1 _aChagla, Mahomedali Currim,
_d1900-
245 1 0 _aEducation and the nation
_c[by] M. C. Chagla.
260 _aBombay,
_aNew York,
_bAllied Publishers
_c[1966]
300 _a139 p.
_c22 cm.
650 0 _aEducation
_xAims and objectives.
906 _a7
_bcbc
_corignew
_du
_encip
_f19
_gy-gencatlg
942 _2ddc
_cBK
999 _c3981
_d3981